Normal view
MARC view
- أحمد، لطفي بركات مؤلف/جرجس، عوض فرج م.مشارك/الكومي، محمود عويس م.مشارك
Entry Personal Name
001 - CONTROL NUMBER
- control field: 36694
003 - CONTROL NUMBER IDENTIFIER
- control field: JO-AjAnu
005 - DATE AND TIME OF LATEST TRANSACTION
- control field: 20230606080126.0
008 - FIXED-LENGTH DATA ELEMENTS
- fixed length control field: 230606|| aca||aabn | a|a d
040 ## - CATALOGING SOURCE
- Original cataloging agency: JO-AjAnu
- Transcribing agency: JO-AjAnu
100 ## - HEADING--PERSONAL NAME
- Personal name: أحمد، لطفي بركات مؤلف/جرجس، عوض فرج م.مشارك/الكومي، محمود عويس م.مشارك
670 ## - SOURCE DATA FOUND
- Source citation: Work cat.: (JO-AjAnu)18836: أحمد، لطفي بركات مؤلف/جرجس، عوض فرج م.مشارك/الكومي، محمود عويس م.مشارك, author, المرجع في التربية الفكرية